| 000 | 00572nam a22001937a 4500 | ||
|---|---|---|---|
| 005 | 20251108164030.0 | ||
| 008 | 250721s1998 xx 000 0 ara d | ||
| 082 | 1 | 4 | _a155.232/مخت |
| 100 | 1 | _aعبد المختار، محمد خضر | |
| 245 | 1 | 0 | _aالإغتراب و التطرف نحو العنف / |
| 264 | 1 |
_aالقاهرة : _bدار غريب، _c1998. |
|
| 300 | _a255ص | ||
| 650 | 1 | 7 | _aالإغتراب |
| 650 | 1 | 7 | _aالصراع الإجتماعي |
| 650 | 1 | 7 | _aالعنف السياسي |
| 650 | 1 | 7 | _aالشخصية |
| 942 |
_2ddc _cBK |
||
| 999 |
_c1913 _d1913 |
||